| 000 | 01099nam a22002057a 4500 | ||
|---|---|---|---|
| 008 | 230320s2022 xxk|||||o|||| 00| 0 eng d | ||
| 041 | _aeng | ||
| 110 | _aRoyal Institution of Chartered Surveyors | ||
| 245 |
_aBuying a Home in Scotland _b: a clear impartial guide _h[Electronic resource] |
||
| 260 |
_aLondon, _bRoyal Institution of Chartered Surveyors, _cSeptember 2022 |
||
| 300 | _a21p. | ||
| 490 | _aRICS Consumer guide | ||
| 520 | _aHelp on choosing a property, financing, moving costs checklist, specialist advice available from RICS members, the role of mandatory Home Report in Scottish transactions, instructing a solicitor or conveyancer, missives. Also covers things to keep in mind in particular about new , older, listed properties or those needing work. Considerations if buying at an auction. | ||
| 650 | _aRESIDENTIAL PROPERTY | ||
| 651 | _aScotland | ||
| 690 |
_96266 _aResidential property |
||
| 710 | _aRoyal Institution of Chartered Surveyors | ||
| 856 |
_uhttps://www.ricsfirms.com/media/1301/buying-a-home-scotland_final_sept-2022.pdf _zAvailable online |
||
| 942 | _n0 | ||
| 999 |
_c121402 _d121402 |
||